Normal view
MARC view
- تأليف حافظ، عبداللطيف / م.مشارك: موريس واسيلي، فؤاد العشري
Entry Personal Name
001 - CONTROL NUMBER
- control field: 37078
003 - CONTROL NUMBER IDENTIFIER
- control field: JO-AjAnu
005 - DATE AND TIME OF LATEST TRANSACTION
- control field: 20230606080203.0
008 - FIXED-LENGTH DATA ELEMENTS
- fixed length control field: 230606|| aca||aabn | a|a d
040 ## - CATALOGING SOURCE
- Original cataloging agency: JO-AjAnu
- Transcribing agency: JO-AjAnu
100 ## - HEADING--PERSONAL NAME
- Personal name: تأليف حافظ، عبداللطيف / م.مشارك: موريس واسيلي، فؤاد العشري
670 ## - SOURCE DATA FOUND
- Source citation: Work cat.: (JO-AjAnu)19029: تأليف حافظ، عبداللطيف / م.مشارك: موريس واسيلي، فؤاد العشري, author, النظرية والتطبيق في النظام المحاسبي الموحد